000 00714nam a22002177a 4500
003 LK-CoMWRAF
005 20231130134815.0
008 230927b1999 |||||||| |||| 00| 0 eng d
020 _a8275481600
040 _aLK-CoMWRAF
_dLK-CoMWRAF
_eLK-CoMWRAF
041 _aeng
082 _a338.9
_bLOG
245 _aThe Logical Framework Approach:
_b handbook for objectives-oriented planning
260 _a[Norway]:
_bNORAD,,
_c1999
300 _a 107 p. : ill.; 24 cm
650 _a Development projects -- Management
650 _aEconomic development projects -- Planning
650 _aLogical framework (DPPC)
856 _uhttp://www.ccop.or.th/ppm/document/home/LFA%20by%20NORAD%20Handbook.pdf
942 _cBK
999 _c3703
_d3703